Normal view
MARC view
- العصر الحديث -اوروبا-تاريخ
Entry Topical Term
001 - CONTROL NUMBER
- control field: 60349
003 - CONTROL NUMBER IDENTIFIER
- control field: JO-AjAnu
005 - DATE AND TIME OF LATEST TRANSACTION
- control field: 20230606083850.0
008 - FIXED-LENGTH DATA ELEMENTS
- fixed length control field: 230606|| aca||aabn | a|a d
040 ## - CATALOGING SOURCE
- Original cataloging agency: JO-AjAnu
- Transcribing agency: JO-AjAnu
150 ## - HEADING--TOPICAL TERM
- Topical term or geographic name entry element: العصر الحديث -اوروبا-تاريخ
670 ## - SOURCE DATA FOUND
- Source citation: Work cat.: (JO-AjAnu)30775: تأليف: الزيدي،مفيد, author 60348, موسوعة تاريخ اوروبا الحديث والمعاصر من الثورة الفرنسية الى الحرب العالمية الاولى (1789-1914)ج 3-4